Vainqueur de Grand Prix de F1 de A - Z - Statistiques

Statistiques générales
  • Ce quiz a été pris 102 fois
  • Le résultat moyen est 13 sur 20
Statistiques - réponses
Letter # Réponse % Correct
H 10 Hamilton | Hunt | Herbert | Hakkinen | Hulme | Hawthorn | Hill | Hanks | Hill | Hill
97%
S 10 Sainz | Schumacher | Senna | Stewart | Scheckter | Surtees | Siffert | Sweikert | Scarfiotti | Schumacher
97%
P 10 Piastri | Perez | Prost | Piquet | Peterson | Patrese | Pironi | Parsons | Pace | Panis
95%
V 5 Verstappen | Vettel | Villeneuve | Vukovich | Von Trips
94%
R 11 Russell | Ricciardo | Rosberg | Raikkonen | Reutemann | Rindt | Regazzoni | Rodriguez | Revson | Ruttman | Rathmann
90%
L 3 Leclerc | Lauda | Laffite
87%
B 13 Bottas | Button | Brabham | Barrichello | Berger | Brooks | Boutsen | Bryan | Bonnier | Baghetti | Bandini | Beltoise | Brambilla
86%
A 6 Alonzo | Ascari | Andretti | Arnoux | Alboreto | Alesi
80%
G 5 Gasly | Gurney | Gonzalez | Ginther | Gethin
77%
O 1 Ocon
76%
F 7 Fangio | Fittipaldi | Farina | Frentzen | Fisichella | Fagioli | Flaherty
71%
N 3 Norris | Nilsson | Nannini
71%
M 8 Mansell | Moss | Massa | Montoya | McLaren | Musso | Mass | Maldonado
68%
W 4 Webber | Watson | Wallard | Ward
47%
I 3 Ickx | Irvine | Ireland
43%
C 4 Clark | Coulthard | Collins | Cevert
41%
T 4 Trintignant | Tambay | Taruffi | Trulli
34%
J 2 Jones | Jabouille
32%
K 2 Kubica | Kovalainen
28%
D 2 Depailler | De Angelis
22%
Aucun quiz correspondant
Distribution des résultats
% des personnes avec chaque résultat
Percentile par nombre de réponses
Votre historique - résultats
Vous n’avez pas pris ce quiz